Le Mans - Toutes les stations du tramway sur une carte - Statistiques

Statistiques générales
  • Ce quiz a été pris 71 fois
  • Le résultat moyen est 27 sur 42
Réponses sur la Carte
Les réponses sont colorées sur une échelle allant du rouge au vert en fonction du pourcentage des utilisateurs qui les ont devinées à leur premier essai. Vous pouvez retrouver ces pourcentages ci-dessous.
 
Statistiques - réponses
Ligne Arrêt % Correct
T1 Gares
91%
T2 Gares
91%
T1 Université
91%
T1 République
89%
T1 Antarès - MMArena
87%
T1 Préfecture
80%
T2 Préfecture
80%
T1 Hôpital
78%
T1 Leclerc - Fleurus
78%
T2 Leclerc - Fleurus
78%
T2 Bellevue - Hauts de Coulaines
76%
T2 Espal - Arche de la Nature
74%
T1 Saint-Martin
72%
T2 Saint-Martin
72%
T1 Zola
67%
T2 Zola
67%
T2 Jacobins-Quinconces
65%
T1 Lafayette
65%
T1 Théodore Monod
65%
T2 Atlantides-Sablons
63%
T1 Campus-Ribay
63%
T1 Jaurès-Pavillon
63%
T2 Jaurès-Pavillon
63%
T1 Éperon - Cité Plantagenêt
61%
T1 Viaducs
61%
T2 Viaducs
61%
T2 Comtes du Maine - Office du Tourisme
59%
T1 Gambetta-Mûriers
59%
T1 Haute Venelle - Clinique du Pré
59%
T1 Pontlieue
59%
T1 Goya
54%
T1 Glonnières - Centre Sud
50%
T1 Cadran - Épine
48%
T1 Jules Raimu
48%
T2 Croix de Pierre
46%
T2 Epau - Gué Bernisson
46%
T1 Guetteloup - Pôle Santé Sud
46%
T2 Maillets-Banjan
46%
T2 Maillets-Zamenhof
46%
T2 Churchill
43%
T1 Durand-Vaillant
39%
T2 Île aux Sports
33%
Aucun quiz correspondant
Distribution des résultats
% des personnes avec chaque résultat
Percentile par nombre de réponses
Votre historique - résultats
Vous n’avez pas pris ce quiz